000 00472nam a2200193Ia 4500
005 20250326123721.0
008 250326s9999 xx 000 0 und d
037 _aTextbook
040 _aFMSL
_beng
_cFMSL
041 _aeng
_2eng
084 _aX:8J M3
_qFMSL
100 _aPratt M J
_9503934
245 0 _aAuditing
_cPratt M J
250 _a2
260 _aNY
_bNY, Longman
_c1983
300 _a508p
942 _cTB
_hX:8J M3
999 _c1270640
_d1270640